| 000 | 00784nam a2200265Ia 4500 | ||
|---|---|---|---|
| 003 | OSt | ||
| 005 | 20220926034053.0 | ||
| 006 | a|||||r|||| 00| 0 | ||
| 007 | ta | ||
| 008 | 220923b |||||||| |||| 00| 0 eng d | ||
| 020 | _a0262041863 | ||
| 037 | _cGeneral Book | ||
| 040 |
_aRTL _cRTL _beng |
||
| 041 |
_2eng _aeng |
||
| 082 | _aX0gY, P1 | ||
| 100 | _aYoung H Peyton | ||
| 245 | 0 | _aSocial dynamics | |
| 260 |
_aWashington _bBrooking Institution Press _c2001 |
||
| 300 |
_ax, 238p Bibliography chapterwise _ccm. |
||
| 490 | _aEconomic Learning and Social Evolution; 4 | ||
| 650 | _aEconomics irt Sociology | ||
| 700 |
_a Durlauf Steven N Ed _9340019 |
||
| 942 |
_hX0gY, P1 _cGB _2CC |
||
| 999 |
_c658681 _d658681 |
||